Statystyki dla Szybkie Klikanie

Kliknij tutaj aby rozwiązać quiz!

Ogólne statystyki

  • Ten quiz został rozwiązany 129 razy
  • Średni wynik to 56 z 73

Statystyki odpowiedzi

HintOdpowiedź% Poprawnych
Klikaj na
Przycisk poniżej
Kliknij!!!
98%
Klikaj na
Przycisk poniżej
Kliknij!!!
96%
Klikaj na
Przycisk poniżej
Kliknij!!!
96%
Klikaj na
Przycisk poniżej
Kliknij!!!
96%
Klikaj na
Przycisk poniżej
Kliknij!!!
96%
Klikaj na
Przycisk poniżej
Kliknij!!!
94%
Klikaj na
Przycisk poniżej
Kliknij!!!
94%
Klikaj na
Przycisk poniżej
Kliknij!!!
94%
Klikaj na
Przycisk poniżej
Kliknij!!!
94%
Klikaj na
Przycisk poniżej
Kliknij!!!
94%
Klikaj na
Przycisk poniżej
Kliknij!!!
94%
Szybciej klikaj
zaraz kończy się czas!
Kliknij!!!
94%
Szybciej klikaj
zaraz kończy się czas!
Kliknij!!!
93%
Szybciej klikaj
zaraz kończy się czas!
Kliknij!!!
91%
Szybciej klikaj
zaraz kończy się czas!
Kliknij!!!
91%
Szybciej klikaj
zaraz kończy się czas!
Kliknij!!!
91%
Szybciej klikaj
zaraz kończy się czas!
Kliknij!!!
91%
Szybciej klikaj
zaraz kończy się czas!
Kliknij!!!
91%
Szybciej klikaj
zaraz kończy się czas!
Kliknij!!!
91%
Szybciej klikaj
zaraz kończy się czas!
Kliknij!!!
91%
Szybciej klikaj
zaraz kończy się czas!
Kliknij!!!
89%
Szybciej klikaj
zaraz kończy się czas!
Kliknij!!!
89%
Szybciej klikaj
zaraz kończy się czas!
Kliknij!!!
89%
Nie zapomniałeś
że czas leci?
Kliknij!!!
85%
Nie zapomniałeś
że czas leci?
Kliknij!!!
85%
Nie zapomniałeś
że czas leci?
Kliknij!!!
85%
Nie zapomniałeś
że czas leci?
Kliknij!!!
85%
Nie zapomniałeś
że czas leci?
Kliknij!!!
85%
Nie zapomniałeś
że czas leci?
Kliknij!!!
85%
Nie zapomniałeś
że czas leci?
Kliknij!!!
85%
Nie zapomniałeś
że czas leci?
Kliknij!!!
85%
Nie zapomniałeś
że czas leci?
Kliknij!!!
85%
No dawaj szybciej !!!Kliknij!!!
85%
No dawaj szybciej !!!Kliknij!!!
85%
No dawaj szybciej !!!Kliknij!!!
85%
No dawaj szybciej !!!Kliknij!!!
85%
No dawaj szybciej !!!Kliknij!!!
85%
No dawaj szybciej !!!Kliknij!!!
85%
No dawaj szybciej !!!Kliknij!!!
85%
No dawaj szybciej !!!Kliknij!!!
85%
No dawaj szybciej !!!Kliknij!!!
85%
Nie zapomniałeś
że czas leci?
Kliknij!!!
83%
Zostało mało czasu
klikaj szybciej !!!!!
Kliknij!!!
81%
Zostało mało czasu
klikaj szybciej !!!!!
Kliknij!!!
80%
Zostało mało czasu
klikaj szybciej !!!!!
Kliknij!!!
78%
Zostało mało czasu
klikaj szybciej !!!!!
Kliknij!!!
78%
Zostało mało czasu
klikaj szybciej !!!!!
Kliknij!!!
78%
Zostało mało czasu
klikaj szybciej !!!!!
Kliknij!!!
78%
Zostało mało czasu
klikaj szybciej !!!!!
Kliknij!!!
78%
Zostało mało czasu
klikaj szybciej !!!!!
Kliknij!!!
74%
Zostało mało czasu
klikaj szybciej !!!!!
Kliknij!!!
74%
Zostało mało czasu
klikaj szybciej !!!!!
Kliknij!!!
70%
Zostało mało czasu
klikaj szybciej !!!!!
Kliknij!!!
69%
No wiesz , jeżeli tak powoli
będziesz klikał to nie wygrasz
Kliknij!!!
67%
No wiesz , jeżeli tak powoli
będziesz klikał to nie wygrasz
Kliknij!!!
67%
No wiesz , jeżeli tak powoli
będziesz klikał to nie wygrasz
Kliknij!!!
65%
No wiesz , jeżeli tak powoli
będziesz klikał to nie wygrasz
Kliknij!!!
59%
No wiesz , jeżeli tak powoli
będziesz klikał to nie wygrasz
Kliknij!!!
57%
No wiesz , jeżeli tak powoli
będziesz klikał to nie wygrasz
Kliknij!!!
56%
No wiesz , jeżeli tak powoli
będziesz klikał to nie wygrasz
Kliknij!!!
56%
Patrz jaszcze troche ,
dawaj szybciej!!
Kliknij!!!
54%
Patrz jaszcze troche ,
dawaj szybciej!!
Kliknij!!!
54%
Patrz jaszcze troche ,
dawaj szybciej!!
Kliknij!!!
52%
Patrz jaszcze troche ,
dawaj szybciej!!
Kliknij!!!
52%
Patrz jaszcze troche ,
dawaj szybciej!!
Kliknij!!!
52%
Patrz jaszcze troche ,
dawaj szybciej!!
Kliknij!!!
52%
Patrz jaszcze troche ,
dawaj szybciej!!
Kliknij!!!
50%
Patrz jaszcze troche ,
dawaj szybciej!!
Kliknij!!!
50%
Dosłownie jeszcze troche!!!Kliknij!!!
35%
Dosłownie jeszcze troche!!!Kliknij!!!
35%
Dosłownie jeszcze troche!!!Kliknij!!!
33%
Dawaj!!!!!!!!!Kliknij!!!
31%
Mamy to!!!Kliknij!!!
28%

Rozkład punktacji

Percentyl według liczby udzielonych odpowiedzi

Procent ludzi z każdym wynikiem

Twoja historia wyników

Nie rozwiązałeś tego quizu